Jednotný číselník organizací v ČSSR

Guardado en:
Detalles Bibliográficos
Formato: Libro
Lenguaje:checo
Publicado: Praha Federální statistický úřad 1981
Colección:Jednotná soustava sociálně ekonomických klasifikací část 12
Materias:
Etiquetas: Agregar Etiqueta
Sin Etiquetas, Sea el primero en etiquetar este registro!

MARC

LEADER 00000nam a2200000 4500
001 c115311
005 20041019155201.0
041 0 |a cze 
044 |a CZ 
245 1 0 |a Jednotný číselník organizací v ČSSR 
264 1 |a Praha  |b Federální statistický úřad  |c 1981 
300 |a 309 s. 
490 1 |a Jednotná soustava sociálně ekonomických klasifikací  |v část 12 
830 0 |a Jednotná soustava sociálně ekonomických klasifikací  |v část 12 
610 2 0 |a obce 
610 2 0 |a Česko 
610 2 0 |a Slovensko